00730 a2200169 4500001000700000020001800007040003200025100001800057245002700075300000800102362000900110490001800119520036900137650003100506650000900537650001400546120167 a9781443103954 cEscola Canadense de Niteroi aWilhelm, Hans10aJe n'aime pas le vent! bil.0 a20000 aJe Peux Lire! aNestor n'a pas envie de sortir. Il vente si fort! Une fois dehors, une grosse bourrasque emporte la poussette du bébé qui se met à rouler à toute vitesse sur la colline. Le petit chien, qui est attaché à la poussette, court à toute allure derrière? Comment arrêter la poussette? Arrivera-t-il à sauver le bébé? (Grade Level: Kindergarten-1) 4aLittérature Pour Enfants 4aVent 4aMétéo